00398nam a22001457a 4500008004500000020001800045082001700063100001800080245002300098260004400121300001300165650001600178650002900194650002900223230509b 2017 ||||| |||| 00| 0 eng d a9780008196806 a629.228bNEW aNewey, Adrian aHow to build a car aLondonbHarper Collins Publishersc2017 ax, 390p. aOn the grid aHow to build a march 83G aHow to build a march 86C